000
00290nam a2200133Ia 4500
100
_a
Maggu/P.L
942
_c
BK
654
_a
Linear
245
_a
Operational Research & Linear Programming
260
_b
Shalini Prakashan
_c
2001
082
_a
519.72
300
_a
254
546
_a
ENGLISH
999
_c
19063
_d
19063